000
00211 a2200085 4500
020
_a
9788957708927
100
_a
ARCHIWORLD PUBLISHER
245
_a
ACA (Architecture Competition Annual) Vol.18
260
_b
ARCHIWORLD
999
_c
13412
_d
13412